Wissensgesellschaft und lebenslanges Lernen eine Einfuhrung in bildungspolitische Konzeptionen der EU

Αποθηκεύτηκε σε:
Λεπτομέρειες βιβλιογραφικής εγγραφής
Κύριος συγγραφέας: Dewe, Bernd
Άλλοι συγγραφείς: Weber, Peter J.
Μορφή: Βιβλίο
Γλώσσα:German
Δημοσίευση: Bad Heilbrunn : Klinkhardt, 2007
Θέματα:
Ετικέτες: Προσθήκη ετικέτας
Δεν υπάρχουν, Καταχωρήστε ετικέτα πρώτοι!

MARC

LEADER 00000nam a2200000 i 4500
001 1/85014
008 080515s2007 ger d
020 |a 978-3-7815-1556-7 
035 |l 10097322 
040 |a GR-MY-UA  |b gre  |e aacr 
041 0 |a ger 
082 0 |a 374.8  |2 (22) 
100 1 |a Dewe, Bernd. 
245 1 0 |a Wissensgesellschaft und lebenslanges Lernen eine Einfuhrung in bildungspolitische Konzeptionen der EU /  |c von Bernd Dewe und Peter J. Weber 
260 |a Bad Heilbrunn :   |b Klinkhardt,   |c 2007 
300 |a 152 σ.;  |c 21 εκ. 
504 |a Βιβλιογραφία: σ. 131-144 
650 0 0 |a Knowledge, Theory of  |x Political aspects. 
650 0 0 |a Continuing education. 
650 0 0 |a Education  |x Political aspects  |z Europe. 
650 0 0 |a Adult education  |x Political aspects. 
700 1 |a Weber, Peter J. 
852 |a INST  |b RHODES  |e 20080515  |h 374.8 DEW  |p 005400029052  |q 005400029052  |t BK  |y 0 
901 |a BIBL4-2008-2 
909 |a Ρ  |b 152554 
922 |a 4ΕΛΗ  |b 200803  |c ΕΠΕΑΕΚ2/ΠΤΔΕ  |d ΕΛΕΥΘΕΡΟΥΔΑΚΗΣ 
970 |a ΧΑΡΙΟΠΟΛΙΤΟΥ  |b ΚΩΝΣΤΑΝΤΙΝΑ  |z 2008/05/15